1910 1679 1095 1163 1148 1165 1745 1338 1258 1777 1417 1349 1525 1198 1994 1205 1599 1583 1153 1137 1366 1854 1879 1781 1404 1012 1101 1245 1352 1915 1216 1249 1004 1510 1579 1460 1950 1056 1506 1966 1395 1731 1339 1123 1419 1037 1158 1452 1119 1320 1608 1643 1095 1386 1536 1511 1329 1428 1217 1360 1590 1272 1685 1910 1685 1502 1011 1852 1845 1708 1589 1311 1460 1587 1290 1313 1345 1628 1310 1835 1769 1288 1483 1887 1378 1708 1814 1885 1759 1951 1419 1930 1850 1795 1094 1154 1967 1643 1583 BCNSPRNW ULIB Ver.6.0+V

เปลี่ยนเป็นภาษาไทย

Change to English
 แสดงรายละเอียดบรรณานุกรม
  กลับหน้าหลัก

Brief Record : Get Marc (ISO 2709) : E-mail record : QR code < ปิดหน้าต่าง
LEADER : 00000nam 2200000uu 4500
001    13399129201
003     ULIB
008    260511s2568||||th 000 0 tha d
020    ^a9789740343677
060  4 ^aWY106^bป221ก
100    ^aปาหนัน กนกวงศ์นุวัฒน์.
245 1  ^aการบริหารโครงการในชุมชน กลยุทธ์ที่ท้าทายของพยาบาล /^cปาหนัน กนกวงศ์นุวัฒน์.
246 3  ^aกลยุทธ์ที่ท้าทายของพยาบาล
250    ^aพิมพ์ครั้งที่ 2.
260    ^aกรุงเทพฯ :^bสำนักพิมพ์จุฬาลงกรณ์มหาวิทยาลัย, ^c2568.
300    ^a109 หน้า :^bภาพประกอบ ;^c26 ซม.
505 0  ^aบทที่ 1 บทบาทของพยาบาลชุมชนในระบบสุขภาพ -- บทที่ 2 กระบวนการพยาบาลชุมชน -- บทที่ 3 การวางแผนกลยุทธ์และการบริหารโครงการ -- บทที่ 4 การประเมินผลโครงการ -- บทที่ 5 กรณีศึกษา : การบริหารโครงการในชุมชน.
505 0  ^aบทบาทของพยาบาลชุมชนในระบบสุขภาพ -- กระบวนการพยาบาลชุมชน -- การวางแผนกลยุทธ์และการบริหารโครงการ -- การประเมินผลโครงการ -- กรณีศึกษา : การบริหารโครงการในชุมชน
505 2  ^aแนวคิดระบบสุขภาพและระบบสุขภาพชุมชน : ยุทธศาสตร์ชาติ 20 ปี ; ระบบสุขภาพของประเทศไทย ; ระบบสุขภาพชุมชน ; โครงสร้างชุมชน ; การพยาบาลชุมชน ; บทบาทและหน้าที่ของพยาบาลชุมชน -- กระบวนการพยาบาลชุมชน : การประเมินชุมชน ; การวินิจฉัยชุมชน ; การวางแผนเพื่อแก้ไขปัญหาชุมชน ; การปฏิบัติตามแผนสุขภาพชุมชน -- การวางแผนกลยุทธ์และการบริหารโครงการ : การวางแผนกลยุทธ์ ; การบริหารโครงการ ; การควบคุมคุณภาพโครงการ ; ดัชนีชี้วัดความสำเร็จ -- การประเมินผลโครงการ : การประเมินผลโดยใช้ CIPP model ; การประเมินผลโดยใช้ Balance Scorecard -- กรณีศึกษา การบริหารโครงการในชุมชน : นโยบายระดับกระทรวง ; ยุทธศาสตร์มหาวิทยาลัยราภัฎ 20 ปี ; ยุทธศาสตร์ที่ 1 การพัฒนาท้องถิ่น ; โครงการหลักของยุทธศาสตร์ที่ 1 การพัฒนาท้องถิ่น ; โครงการส่งเสริมการออกกำลังกายสำหรับผู้สูงอายุ ตำบลเขาวงกต ; การประเมินผลโครงการ
505 2  ^a^tแนวคิดระบบสุขภาพและระบบสุขภาพชุมชน -- กระบวนการพยาบาลชุมชน -- การวางแผนกลยุทธ์และการบริหารโครงการ -- การประเมินผลโครงการ -- กรณีศึกษา : การบริหารโครงการในชุมชน.
650  4 ^aอนามัยชุมชน.
650  7 ^aการบริหารโครงการ
650  7 ^aการพยาบาล
650  7 ^aการพยาบาลสาธารณสุข
650  7 ^aการพยาบาลอนามัยชุมชน^xการบริหาร
650  7 ^aชุมชน
650  7 ^aบริการอนามัยชุมชน^xการบริหาร
650 0  ^aการพยาบาลอนามัยชุมชน.
650 0  ^aบริการอนามัยชุมชน.
651    ^aการพยาบาลอนามัยชุมชน.
655  4 ^aHealth Sciences Branch.
658    ^aคณะพยาบาลศาสตร์.
658    ^aคณะวิทยาศาสตร์และเทคโนโลยี. ^bสาขาวิชาสาธารณสุขศาสตร์.
999    ^aประนอม เกษจรัล
รายการนี้ยังไม่มีแท็ก
คุณยังไม่ได้ล็อกอิน คุณสามารถมีกิจกรรมร่วมกับเว็บไซต์ได้ แต่ต้องล็อกอินก่อน ::
  ล็อกอิน

รายการสื่อสารสนเทศ

ลำดับที่ ประเภท เลขเรียก/บาร์โค้ด สถานที่ สถานะ
1. Book การพยาบาล
หนังสือสำรอง
สถานะ=หนังสือสำรอง
WY106 ป221ก ฉ.1 
  Barcode: 012138
ห้องสมุดวิทยาเขตสวรรค์ประชารักษ์
►หนังสือทั่วไป
บนชั้น
*เพิ่งรับคืน
2. Book การพยาบาล
Book การพยาบาล
WY106 ป221ก ฉ.2 
  Barcode: 012139
ห้องสมุดวิทยาเขตสวรรค์ประชารักษ์
►หนังสือทั่วไป
บนชั้น
*เพิ่งรับคืน
3. Book การพยาบาล
Book การพยาบาล
WY106 ป221ก ฉ.3 
  Barcode: 012140
ห้องสมุดวิทยาเขตสวรรค์ประชารักษ์
►หนังสือทั่วไป
บนชั้น
*เพิ่งรับคืน
4. Book การพยาบาล
Book การพยาบาล
WY106 ป221ก ฉ.4 
  Barcode: 012141
ห้องสมุดวิทยาเขตสวรรค์ประชารักษ์
►หนังสือทั่วไป
บนชั้น
*เพิ่งรับคืน
5. Book การพยาบาล
Book การพยาบาล
WY106 ป221ก ฉ.5 
  Barcode: 012142
ห้องสมุดวิทยาเขตสวรรค์ประชารักษ์
►หนังสือทั่วไป
บนชั้น
*เพิ่งรับคืน

รายการใกล้เคียง
    ผู้แต่ง [ปาหนัน กนกวงศ์นุวัฒน์.]

    หัวเรื่อง [อนามัยชุมชน.]
    หัวเรื่อง [การบริหารโครงการ]
    หัวเรื่อง [การพยาบาล]
    หัวเรื่อง [การพยาบาลสาธารณสุข]
    หัวเรื่อง [ชุมชน]
    หัวเรื่อง [การพยาบาลอนามัยชุมชน.]
    หัวเรื่อง [บริการอนามัยชุมชน.]

BibComment


ยังไม่เคยถูกคอมเมนท์

คอมเมนท์ทรัพยากรรายการนี้
  คอมเมนท์: การบริหารโครงการ..


 Copyright 2026. Bcnsprnw @Library